000 00301nam a22001337a 4500
008 171005b xxu||||| |||| 00| 0 eng d
020 _a0060410248
041 _aeng
080 _a159.9
100 _a49
101 _aPSI
245 _aPSYCHOLOGY AND CRIMINAL JUSTICE
_cELLISON,K,W
942 _2udc
_cBK
999 _c32049
_d32049